The Acting Chair's Summing Up Review of the Fund's Policy on Multiple Currency Practices-Proposals for Reform Executive Board Meeting July 1, 2022.

Executive Directors welcomed the opportunity to complete the review of the Fund's Policy on Multiple Currency Practices (MCPs). They observed that MCPs can be distortionary, create unfair competitive advantage among countries, and hamper trade and investment, particularly over the medium and lo...

Celý popis

Podrobná bibliografie
Korporativní autor: International Monetary Fund
Médium: Časopis
Jazyk:English
Vydáno: Washington, D.C. : International Monetary Fund, 2022.
Edice:Policy Papers; Policy Paper ; No. 2022/040
Témata:
On-line přístup:Full text available on IMF
LEADER 02177cas a2200277 a 4500
001 AALejournalIMF023050
008 230101c9999 xx r poo 0 0eng d
020 |c 5.00 USD 
020 |z 9798400217982 
022 |a 2663-3493 
040 |a BD-DhAAL  |c BD-DhAAL 
110 2 |a International Monetary Fund. 
245 1 4 |a The Acting Chair's Summing Up Review of the Fund's Policy on Multiple Currency Practices-Proposals for Reform Executive Board Meeting July 1, 2022. 
264 1 |a Washington, D.C. :  |b International Monetary Fund,  |c 2022. 
300 |a 1 online resource (3 pages) 
490 1 |a Policy Papers 
500 |a <strong>Off-Campus Access:</strong> No User ID or Password Required 
500 |a <strong>On-Campus Access:</strong> No User ID or Password Required 
506 |a Electronic access restricted to authorized BRAC University faculty, staff and students 
520 3 |a Executive Directors welcomed the opportunity to complete the review of the Fund's Policy on Multiple Currency Practices (MCPs). They observed that MCPs can be distortionary, create unfair competitive advantage among countries, and hamper trade and investment, particularly over the medium and long term. They agreed that the MCP policy should remain a cornerstone of the Fund's legal and policy framework to ensure orderly exchange arrangements and a stable system of exchange rates. They welcomed the adjustments to the policy to reflect developments since the last review in the 1980s so that it does not discourage good practices in FX markets and is better aligned with the Fund's other policies (including the policy on exchange restrictions and the Institutional View on the Liberalization and Management of Capital Flows (IV)), while ensuring that it continues to address policy actions that are considered impermissible under the new policy. 
538 |a Mode of access: Internet 
650 7 |a Foreign Exchange  |2 imf 
650 7 |a Monetary Policy  |2 imf 
650 7 |a Political Economy  |2 imf 
830 0 |a Policy Papers; Policy Paper ;  |v No. 2022/040 
856 4 0 |z Full text available on IMF  |u https://elibrary.imf.org/openurl?genre=journal&issn=2663-3493&volume=2022&issue=040  |z IMF e-Library